Capital markets update (Record no. 108908)
[ view plain ]
| 000 -LEADER | |
|---|---|
| fixed length control field | 01116cad a22002295a 4500 |
| 001 - CONTROL NUMBER | |
| control field | L145767 |
| 008 - FIXED-LENGTH DATA ELEMENTS--GENERAL INFORMATION | |
| fixed length control field | 081106s2008 xxkad f s 000 0 eng d |
| 035 ## - SYSTEM CONTROL NUMBER | |
| System control number | (Sirsi) u145767 |
| 041 0# - LANGUAGE CODE | |
| Language code of text/sound track or separate title | eng |
| 050 04 - LIBRARY OF CONGRESS CALL NUMBER | |
| Classification number | 333.33 $2 18 |
| 110 2# - MAIN ENTRY--CORPORATE NAME | |
| Corporate name or jurisdiction name as entry element | NAI Global |
| 9 (RLIN) | 5315 |
| 245 00 - TITLE STATEMENT | |
| Title | Capital markets update |
| Remainder of title | September 2008 |
| Medium | [electronic resource] |
| 260 ## - PUBLICATION, DISTRIBUTION, ETC. | |
| Place of publication, distribution, etc. | Princeton |
| Name of publisher, distributor, etc. | NAI Global |
| Date of publication, distribution, etc. | 2008 |
| 490 #0 - SERIES STATEMENT | |
| Series statement | Capital Markets Update |
| 520 ## - SUMMARY, ETC. | |
| Summary, etc. | Placing the credit crunch into the historical context of US recessions of the past 40 years, provides a wide-ranging discussion of the global economic crisis. Calls for new and improved lender and mortgage regulations, but expresses concern that the US economy is returning to the separation of banking and non-banking activities nine years after its legal abolition. |
| 590 ## - LOCAL NOTE (RLIN) | |
| Local note | KA |
| 650 24 - SUBJECT ADDED ENTRY--TOPICAL TERM | |
| Topical term or geographic name entry element | NAI GLOBAL CAPITAL MARKETS UPDATE |
| 651 #4 - SUBJECT ADDED ENTRY--GEOGRAPHIC NAME | |
| Geographic name | United States |
| Chronological subdivision | 1959- |
| 690 ## - LOCAL SUBJECT ADDED ENTRY--TOPICAL TERM (OCLC, RLIN) | |
| Topical term or geographic name as entry element | PROPERTY-COMMERCIAL PROPERTY-COMMERCIAL PROPERTY MARKET |
| 856 40 - ELECTRONIC LOCATION AND ACCESS | |
| Uniform Resource Identifier | <a href="https://www.naiglobal.com/docs/Capital_Market_Update_Sept08.pdf">https://www.naiglobal.com/docs/Capital_Market_Update_Sept08.pdf</a> |
| Public note | View the item free of charge at www.naiglobal.com |
| 942 ## - ADDED ENTRY ELEMENTS (KOHA) | |
| Suppress in OPAC | 0 |
| Withdrawn status | Lost status | Source of classification or shelving scheme | Damaged status | Not for loan | Home library | Current library | Shelving location | Date acquired | Total Checkouts | Full call number | Barcode | Date last seen | Copy number | Price effective from | Koha item type |
|---|---|---|---|---|---|---|---|---|---|---|---|---|---|---|---|
| Dewey Decimal Classification | Virtual | Virtual | Online | 06/11/2008 | ONLINE PUBLICATION | 145767-2001 | 06/08/2019 | 1 | 06/08/2019 | Book |